Loading...
| Literature - European | 1 | 4 | 1 | 1 | 50 | 39 | 110.60 | 1 | 2 | 14.65 | 29.17 |
| Literature - British | 0 | 5 | 0 | 1 | 50 | 101 | 122.80 | 0 | 0 | 8.72 | 18.06 |
| Literature - American | 1 | 3 | 0 | 0 | 45 | 39 | 85.50 | 0 | 2 | 17.49 | 29.17 |
| Fine Arts - Classical Music | 0 | 5 | 1 | 2 | 45 | 94 | 113.60 | 0 | 0 | 8.12 | 18.06 |
| Fine Arts - Other | 1 | 3 | 0 | 0 | 45 | 56 | 92.25 | 1 | 3 | 10.92 | 27.78 |
| Fine Arts - Painting and Sculpture | 0 | 4 | 0 | 0 | 40 | 87 | 102.00 | 0 | 1 | 10.66 | 23.61 |
| Religion | 0 | 3 | 0 | 1 | 30 | 90 | 96.67 | 0 | 1 | 8.49 | 16.67 |
| Literature - World | 0 | 2 | 0 | 0 | 20 | 92 | 93.00 | 0 | 1 | 9.01 | 13.89 |
| Other Academic | 1 | 0 | 0 | 0 | 15 | 36 | 36.00 | 0 | 1 | 24.17 | 29.17 |
| Science - Chemistry | 0 | 1 | 0 | 0 | 10 | 102 | 102.00 | 0 | 0 | 0.21 | 1.39 |
| Science - Physics | 0 | 2 | 2 | 0 | 10 | 86 | 88.00 | 0 | 0 | 5.10 | 6.94 |
| Social Science | 0 | 1 | 0 | 1 | 10 | 115 | 115.00 | 0 | 0 | 0.10 | 1.39 |
| Philosophy | 0 | 2 | 2 | 0 | 10 | 85 | 92.50 | 0 | 1 | 6.92 | 11.11 |
| Science - Other | 0 | 1 | 0 | 0 | 10 | 54 | 54.00 | 0 | 0 | 6.92 | 7.81 |
| Science - Biology | 0 | 1 | 2 | 0 | 0 | 99 | 99.00 | 0 | 1 | 1.20 | 8.33 |
| Mythology | 0 | 1 | 4 | 0 | -10 | 129 | 129.00 | 0 | 0 | 0.09 | 4.17 |